Регионална библиотека "Любен Каравелов" - Русе

Обръщението на обществения продукт в НР България (Запис номер 152998)

MARC детайли
000 -Лидер
Контролно поле с фиксирана дължина 01390nam a2200337 c 4500
003 - Код на организацията, давaща контролен номер
Контролно поле BLK
005 - Дата и час на последна редакция
Контролно поле 20230828163907.0
008 - Елементи от данни с фиксирана дължина
fixed length control field 180410b bul|||||r ||||||| ||bul||
010 ## - Наследен системен номер
LC control number KNG00159517000
040 ## - Източник на каталожния запис
Идентификатор на билиотеката - собственик на записа BLK
041 ## - Код за език
Код за езика на текст/звукозапис или на отделно заглавие Български
Код за езика КДБФ Български
080 ## - УДК
Текстов определител УДК Статистиката като наука. Теория на статистиката
УДК код - определител по УДК 311
УДК определител :338(497.2)
УДК - код + определител 311:338(497.2)
100 1# - Редна дума - Автор
Автор Шапкарев, Петър Климентов
Авторска отговорност първи автор
R(LIN) 377730
139 ## - Редно поле
Редна дума Шапкарев, Петър Климентов
Авторски знак Шапк - Ш 29
245 10 - Сведения за заглавието
Заглавие Обръщението на обществения продукт в НР България
Подзаглавни данни Статистико-икон. етюд
Редно поле (дума) Петър Климентов Шапкарев.
257 ## - Страна на издаване
Страна на създаване/издаване България
260 ## - Област на издателските данни
Име на издателя, разпространителя и проч. Наука и изкуство
Година на издаване 1987
Печатница Ямбол : ДП Г. Димитров
300 ## - Физическа характеристика
Страници 220 с.
Илюстрации и др. с табл.
Размери/Мащаб 22 см
380 ## - Жанр
Жанр Обществени науки
500 ## - Общи забележки
Забележка 917 тир. - Библиогр. с. 212-215
650 #4 - Допълнително описание по предмет – тема
Основно описание – тема или топоним Икономика - България
9 (RLIN) 277745
653 ## - Ключова дума – ненормативна
Ключова дума статистика
653 ## - Ключова дума – ненормативна
Ключова дума икономика
852 ## - Местоположение
Форматна сигнатура Цб 147864
856 4# - Електронен адрес и достъп
Електронен формат pdf - файл
856 4# - Електронен адрес и достъп
Електронен формат pdf - файл
942 ## - АРТИКУЛИ
Вид на библиотечния материал Книги
Скрит в OPAC Не
944 ## - СЪЗДАВАНЕ И РЕДАКЦИЯ на ЗАПИСА
Създаване/Редакция Създаване
Дата на регистрацията/редакция 09.04.2014
Статус, дата на статуса Диана Гривева
Служител, извършил регистрацията/редакцията 30529
944 ## - СЪЗДАВАНЕ И РЕДАКЦИЯ на ЗАПИСА
Създаване/Редакция Редакция
Дата на регистрацията/редакция 09.04.2014
Статус, дата на статуса 09.04.2014 - от С1,Р / 09.04.2014
999 ## - СИСТЕМНИ КОНТРОЛНИ НОМЕРА
Koha biblionumber 152998
Koha biblioitemnumber 152998
999 ## - СИСТЕМНИ КОНТРОЛНИ НОМЕРА
Koha biblioitemnumber 152998
Наличности
Код за отписване Код за изгубен артикул Източник на класификационната схема Код за повреда Коз за рестрикции Код за отдаване Артикулен № Име на библиотеката - собственик Име на библиотеката, в която се намира в момента Статус (Текущо местоположение) Дата на вписване в системата Местоположение - отдел Цена в лева Инвентарен номер Систематично азбучна сигнатура Баркод Номер на екземпляра Цена в евро Служебна бележка Служебен тип на артикула
  Не е изгубен Universal Decimal Classification Не е повреден без рестрикции ползва се в читалня 256015 Регионална библиотека "Любен Каравелов" Русе Регионална библиотека "Любен Каравелов" Русе Хранилище 1987-01-01 Хранилище 2.47 477086 Цб 147864 120000477086 1 1.26 N: стар фонд Дата: 01.01.1987 Книги
Изтеглен Не е изгубен Universal Decimal Classification Не е повреден без рестрикции заемане за дома 256016 Регионална библиотека "Любен Каравелов" Русе Регионална библиотека "Любен Каравелов" Русе Заемна - подръчен фонд 1987-01-01 Заемна - подръчен фонд 2.47 482666 П 311/Ш 29 120000482666 2 1.26 N: стар фонд Дата: 01.01.1987 Дата инв: 02.02.2018 Бележки инв: П2018 Книги
Vip Innovations Ltd, Rousse, Bulgaria 2025